Studies on selection and resistance mechanism by abamectin and etoxazole in Tetranychus urticae (Acari : Tetranychidae) (Record no. 48649)
[ view plain ]
| 000 -LEADER | |
|---|---|
| fixed length control field | 02585cab a2200301Ia 45 0 |
| 001 - CONTROL NUMBER | |
| control field | u195508 |
| 003 - CONTROL NUMBER IDENTIFIER | |
| control field | SIRSI |
| 008 - FIXED-LENGTH DATA ELEMENTS--GENERAL INFORMATION | |
| fixed length control field | 110704s2011 ua ss b eng d |
| 040 ## - CATALOGING SOURCE | |
| Original cataloging agency | EAL |
| 041 ## - LANGUAGE CODE | |
| Language code of text/sound track or separate title | eng |
| Language code of summary or abstract | ara |
| 090 ## - LOCALLY ASSIGNED LC-TYPE CALL NUMBER (OCLC); LOCAL CALL NUMBER (RLIN) | |
| Classification number (OCLC) (R) ; Classification number, CALL (RLIN) (NR) | ART MUJPPP V2 No3 1 |
| 100 1# - MAIN ENTRY--PERSONAL NAME | |
| Personal name | يوسف، أسمهان السعيد. |
| 240 10 - UNIFORM TITLE | |
| Uniform title | Mansoura university journal of plant protection and pathology, 2011 v. 2 (3) |
| Medium | [electronic resource]. |
| 245 10 - TITLE STATEMENT | |
| Title | Studies on selection and resistance mechanism by abamectin and etoxazole in Tetranychus urticae (Acari : Tetranychidae) |
| Medium | [electronic resource]. |
| 300 ## - PHYSICAL DESCRIPTION | |
| Extent | P. 249 - 256. |
| 504 ## - BIBLIOGRAPHY, ETC. NOTE | |
| Bibliography, etc. note | Includes references. |
| 520 ## - SUMMARY, ETC. | |
| Summary, etc. | This investigation was conductedto study the mode of development of resistance Tetranychus urticae against acaricides. A T. urticae strain was collected from cotton plants grown in the experimental farm of Sakha. After ten generations of selection with abamectin and etoxazole under laboratory conditions, the resistance strain to abamectin and etoxazole started slowly in the first generation until the fourth generation, then began to increase gradually increase until reached the highest peak at the end of the tenth generation ( developed 140 and 37.45 fold resistance, respectively), suggesting that these glutathione-S-transferase (GST), acid phosphate, alkaline phosphate, ATPase and AChE enzymes are important in conferring abamectin and etoxazole resistance in Tetranychus urticae. The major resistance mechanism to abamectin was the increasing activities of glutathione-S-transferase (GST), acid phosphate, alkaline phosphate, ATPase and AChE. The activity in resistance strain developed 602.35, 203.52, 143.87, 8.93, and 1.31 fold comparable to that in the susceptible strain, respectively, with a percentage of increase equal to 419.38 % for alkaline phosphate. The activity of GST in the resistance strain for etoxazole developed 381.56 fold when compared with the susceptible strain. While the percentage of increase was 163.82 % for AChE. |
| 546 ## - LANGUAGE NOTE | |
| Language note | Summary in Arabic. |
| 596 ## - | |
| -- | 1 |
| 650 #0 - SUBJECT ADDED ENTRY--TOPICAL TERM | |
| Topical term or geographic name entry element | Tetranychus urticae |
| General subdivision | Biological control. |
| 650 #0 - SUBJECT ADDED ENTRY--TOPICAL TERM | |
| Topical term or geographic name entry element | Abamectin. |
| 700 1# - ADDED ENTRY--PERSONAL NAME | |
| Personal name | برعي، حسين عبد المنعم. |
| 700 1# - ADDED ENTRY--PERSONAL NAME | |
| Personal name | حماد، مصطفى عبد الستار. |
| 700 1# - ADDED ENTRY--PERSONAL NAME | |
| Personal name | عارف، صفوت عبد السلام. |
| 700 1# - ADDED ENTRY--PERSONAL NAME | |
| Personal name | فرج، عبد السلام عبد السلام. |
| 773 0# - HOST ITEM ENTRY | |
| Title | Mansoura University Journal of Plant Protection and Pathology. |
| Related parts | 2011.v.2(3) |
| Control subfield | nnas |
| Record control number | u183494 |
| 856 40 - ELECTRONIC LOCATION AND ACCESS | |
| Uniform Resource Identifier | <a href="http://nile.enal.sci.eg/EALE/2011/MUJPPP/211/3/.pdf">http://nile.enal.sci.eg/EALE/2011/MUJPPP/211/3/.pdf</a> |
| Public note | IN PROCESS. |
| 942 ## - ADDED ENTRY ELEMENTS (KOHA) | |
| Koha item type | Articles |
| Source of classification or shelving scheme | Library of Congress Classification |
No items available.